| 000 | 01236cad a22002295a 4500 | ||
|---|---|---|---|
| 001 | L146228 | ||
| 008 | 081217s2008 xxkd f s 000 0 eng d | ||
| 035 | _a(Sirsi) u146228 | ||
| 041 | 0 | _aeng | |
| 050 | 0 | 4 | _a333.33 $2 18 |
| 110 | 2 |
_aRoyal Institution of Chartered Surveyors _bEconomics _95033 |
|
| 245 | 0 | 0 |
_aRICS commercial property forecast _bDecember 2008 _h[electronic resource] |
| 260 |
_aLondon _bRICS _c2008 |
||
| 490 | 0 |
_aRICS UK Commercial Property Forecast _vDecember 2008 |
|
| 520 | _aTotal annual returns for commercial property for 2008 are set to fall back to 2006 levels. Forecasts property returns will fall further in 2009 although at a slower pace than in 2008. Suggests that rising defaults and credit spreads will prevent a near term recovery, resulting in a sluggish investment market. Considers that tenant demand is likely to remain subdued in 2009 and 2010, pushing rents sharply down. | ||
| 590 | _aKA | ||
| 650 | 2 | 4 | _aRICS UK COMMERCIAL PROPERTY FORECAST |
| 651 | 4 |
_aUnited Kingdom _y |
|
| 690 | _aPROPERTY-COMMERCIAL PROPERTY-COMMERCIAL PROPERTY MARKET | ||
| 856 | 4 | 0 |
_uhttps://www.rics.org/site/scripts/download_info.aspx?downloadID=1091 _zView the item free of charge at www.rics.org... |
| 942 | _n0 | ||
| 999 |
_c109078 _d109078 |
||